<?xml version="1.0" encoding="UTF-8"?><?xml-stylesheet type="text/xsl" href="static/style.xsl"?><OAI-PMH xmlns="http://www.openarchives.org/OAI/2.0/" xmlns:xsi="http://www.w3.org/2001/XMLSchema-instance" xsi:schemaLocation="http://www.openarchives.org/OAI/2.0/ http://www.openarchives.org/OAI/2.0/OAI-PMH.xsd"><responseDate>2026-04-13T04:08:59Z</responseDate><request verb="GetRecord" identifier="oai:www.recercat.cat:10459.1/466577" metadataPrefix="marc">https://recercat.cat/oai/request</request><GetRecord><record><header><identifier>oai:recercat.cat:10459.1/466577</identifier><datestamp>2025-09-15T18:41:35Z</datestamp><setSpec>com_2072_3622</setSpec><setSpec>col_2072_479130</setSpec></header><metadata><record xmlns="http://www.loc.gov/MARC21/slim" xmlns:dcterms="http://purl.org/dc/terms/" xmlns:xsi="http://www.w3.org/2001/XMLSchema-instance" xmlns:doc="http://www.lyncode.com/xoai" xsi:schemaLocation="http://www.loc.gov/MARC21/slim http://www.loc.gov/standards/marcxml/schema/MARC21slim.xsd">
   <leader>00925njm 22002777a 4500</leader>
   <datafield ind2=" " ind1=" " tag="042">
      <subfield code="a">dc</subfield>
   </datafield>
   <datafield ind2=" " ind1=" " tag="720">
      <subfield code="a">Sabaté Carrové, Mariona</subfield>
      <subfield code="e">author</subfield>
   </datafield>
   <datafield ind2=" " ind1=" " tag="720">
      <subfield code="a">Baudo, Lorena</subfield>
      <subfield code="e">author</subfield>
   </datafield>
   <datafield ind2=" " ind1=" " tag="720">
      <subfield code="a">Bosch Fábregas, Mariazell Eugènia</subfield>
      <subfield code="e">author</subfield>
   </datafield>
   <datafield ind2=" " ind1=" " tag="260">
      <subfield code="c">2024</subfield>
   </datafield>
   <datafield ind2=" " ind1=" " tag="520">
      <subfield code="a">Editores: Mariona Sabaté Carrové, Lorena Baudo, Mariazell E. Bosch Fábregas. Participants en el llibre com a autors d'un capítol: María Azul Bassi, Oriana Micaela Carrizo, Kemel Karim Cobresle, Santiago Domínguez, Bianca Ailín Giménez, Xiomara Imanoni, Magalí Belén Brochero, Melina Belén Celi, María Lourdes Casas, Melisa Hatipoglu, Sara Martín Alegre, Laura Oller Figueres,  Mariazell Eugènia Bosch Fábregas, Melisa Hatipoglu, Irem Martı, María del Mar Ogea Pozo, Antonio Tinedo Rodríguez, Oğuzhan Özkul, Muhammed Fadıl Arslan, Ahmet Furkan Çamlıbel, Cihan Mert Özdemir, Gerard Polinario Mahamud, Anushiya Ramaswamy, Mariona Sabaté-Carrové, Meltem Saygı, Carlos Sánchez Luis, Cristina Sliwa Vega.</subfield>
   </datafield>
   <datafield ind2=" " ind1=" " tag="520">
      <subfield code="a">In Volume 3. The Translation Process Series. Through the AI Glass and What Translation Found There, we aim to delve deeper into the crossroads of translation and AI. Through the viewpoints of 15 authors, this e-book explores the manifold relationship between human translators and AI technologies. Rather than offering definitive solutions or conclusive findings, the editors aim to investigate the limits of AI through a collection of diverse insights, and foster critical discourse in this novel and dynamic field. This Volume 3 gives a voice to anyone interested in translation, particularly focusing on their experiences with AI. By doing so, the volume provides a platform for sharing personal insights, fears, and perspectives regarding the integration of AI in translation. By opening up this discussion, we hope to gather a diverse range of viewpoints and foster a deeper understanding of how AI is viewed in the field of translation.</subfield>
   </datafield>
   <datafield tag="653" ind2=" " ind1=" ">
      <subfield code="a">Translation process</subfield>
   </datafield>
   <datafield tag="653" ind2=" " ind1=" ">
      <subfield code="a">Traducció i interpretació</subfield>
   </datafield>
   <datafield ind2="0" ind1="0" tag="245">
      <subfield code="a">The Translation Process Series. Through the AI Glass and What Translation Found There. Volume 3</subfield>
   </datafield>
</record></metadata></record></GetRecord></OAI-PMH>